| 000 | 01220cam a2200361 4500 | ||
|---|---|---|---|
| 999 |
_c23115 _d23115 |
||
| 001 | vtls011598620 | ||
| 005 | 20220131100311.0 | ||
| 008 | 210624s2016 xo gr 000 fdslo | ||
| 020 |
_a9788055151687 _q(viazané) |
||
| 035 | _aD9F05C79-DAB1-40AA-8C00-70EEC55E4890 | ||
| 035 | _aurn:nbn:sk:snk-am3id6x | ||
| 035 | _aurn:nbn:sk:snk-am00e43g | ||
| 040 |
_aPPPK _bslo _cPPPK _dSNK _erda |
||
| 041 | 1 |
_aslo _hswe |
|
| 044 |
_axo _cSK |
||
| 072 | 7 |
_a821.11 _xGermánske literatúry _2konspekt |
|
| 080 |
_a821.113.6-31 _22011 |
||
| 100 | 1 |
_aJohansson, Lars, _d1966- _4aut _92621 |
|
| 240 | 1 | 0 |
_aDen storaverklighetsflykten _lSlovensky |
| 245 | 1 | 0 |
_aKúzelníkov únik z reality _cLars Vasa Johansson ; preložila Anna Chelemendiková |
| 264 | 1 |
_aBratislava _bIkar _c2016 |
|
| 300 |
_a374 strán _c21 cm |
||
| 336 |
_atext _btxt _2rdacontent |
||
| 337 |
_abez média _bn _2rdamedia |
||
| 338 |
_azväzok _bnc _2rdacarrier |
||
| 500 | _aPreložené zo švédčiny | ||
| 500 | _aObsahuje biografické údaje o autorovi na prebale publikácie | ||
| 655 | 7 |
_ašvédske romány _2SNKPH _91715 |
|
| 655 | 7 |
_aSwedish fiction _2SNKPHeng _91716 |
|
| 700 | 1 |
_aChelemendiková, Anna _4trl _92622 |
|
| 958 | _aLX | ||
| 958 | _aUP | ||